000
00244nam a2200097Ia 4500
001
729801
005
20250826163702.0
008
250824s9999 xx 000 0 und d
245
0
_a
KAFAMDA DELİ SORULAR
_c
RAFET SERTOĞLU
260
_b
ATLIKARINCA
999
_c
729801
_d
729801